What teams have all won an NBA ring? - Statistics

General Stats
  • This quiz has been taken 54 times
  • The average score is 11 of 20
Answers on the Grid
Answers color-coded by a green-red scale on the quiz's grid according to % correct below.
rockets
spurs
pelicans
mavericks
grizzlies
warriors
lakers
suns
clippers
kings
thunder
nuggets
timberwolves
trail-blazers
jazz
celtics
76ers
knicks
nets
raptors
hornets
heat
hawks
wizards
magic
bulls
bucks
cavs
pistons
pacers
 
Answer Stats
Answer % Correct
spurs
89%
warriors
89%
lakers
86%
mavericks
83%
rockets
75%
bulls
58%
heat
58%
nuggets
58%
celtics
56%
pistons
56%
76ers
53%
bucks
53%
cavs
53%
knicks
53%
raptors
53%
trail-blazers
42%
hawks
31%
thunder
25%
wizards
19%
magic
3%
No matching quizzes found
Score Distribution
Percent of People with Each Score
Percentile by Number Answered
Your Score History
You have not taken this quiz